National Assembly Library of Thailand

หัวแตงโม ซีกที่สอง หัวเปลี่ยนไป ใจเปลี่ยนแปลง / (ระเบียนเลขที่ 104268)

รายละเอียดในรูปแบบ MARC
000 -LEADER
fixed length control field 00976nam a22002297a 4500
003 - CONTROL NUMBER IDENTIFIER
control field NALT
005 - DATE AND TIME OF LATEST TRANSACTION
control field 20240701100648.0
008 - FIXED-LENGTH DATA ELEMENTS--GENERAL INFORMATION
fixed length control field 240127b th ||||| |||| 00| j tha d
020 ## - INTERNATIONAL STANDARD BOOK NUMBER
International Standard Book Number 9749221672
040 ## - CATALOGING SOURCE
Original cataloging agency NALT
090 ## - LOCALLY ASSIGNED LC-TYPE CALL NUMBER (OCLC); LOCAL CALL NUMBER (RLIN)
Classification number (OCLC) (R) ; Classification number, CALL (RLIN) (NR) SC
Local cutter number (OCLC) ; Book number/undivided call number, CALL (RLIN) อ117ห 2550
100 0# - MAIN ENTRY--PERSONAL NAME
9 (RLIN) 62652
Personal name องอาจ ชัยชาญชีพ
245 10 - TITLE STATEMENT
Title หัวแตงโม ซีกที่สอง หัวเปลี่ยนไป ใจเปลี่ยนแปลง /
Statement of responsibility, etc. องอาจ ชัยชาญชีพ.
250 ## - EDITION STATEMENT
Edition statement พิมพ์ครั้งที่ 4.
260 ## - PUBLICATION, DISTRIBUTION, ETC.
Place of publication, distribution, etc. กรุงเทพฯ :
Name of publisher, distributor, etc. อมรินทร์บุ๊คเซ็นเตอร์,
Date of publication, distribution, etc. 2550.
300 ## - PHYSICAL DESCRIPTION
Extent 1 เล่ม :
Other physical details ภาพประกอบ ;
Dimensions 19 ซม.
490 #0 - SERIES STATEMENT
Series statement การ์ตูนชุด หัวแตงโม.
650 #4 - SUBJECT ADDED ENTRY--TOPICAL TERM
9 (RLIN) 460
Topical term or geographic name entry element เรื่องสั้น
850 ## - HOLDING INSTITUTION
Holding institution NALT
942 ## - ADDED ENTRY ELEMENTS (KOHA)
Source of classification or shelving scheme Local Classification
Koha item type Short Story
996 ## - STAFF PROCESSING RECORDS (NALT)
Staff name kornsiririn.r
Staff type CATSTF
Acquisition or Cataloging date 2024-01-27
998 ## - STAFF NAME (NALT)
-- 3099
-- พรวิทู โค้วคชาภรณ์
รายการที่มีในห้องสมุด
Withdrawn status Lost status Source of classification or shelving scheme Damaged status Not for loan Collection code Home library Current library Shelving location Date acquired Total Checkouts Full call number Barcode Date last seen Price effective from Koha item type
    Local Classification     Senate National Assembly Library of Thailand National Assembly Library of Thailand Fiction & Short Stories zone 27/01/2024   SC อ117ห 2550 ล.2 0100004837001 28/06/2024 27/01/2024 Short Story
หอสมุดรัฐสภา
สำนักงานเลขาธิการสภาผู้แทนราษฎร เลขที่ 1111 ถนนสามเสน แขวงถนนนครไชยศรี เขตดุสิต กรุงเทพฯ 10300
The Secretariat of the House of Representatives 1111 Samsen Road, Thanon Nakhon Chai Si, Dusit, Bangkok 10300, THAILAND
โทรศัพท์: +66(0) 2242 5900 ต่อ 5714-5 โทรสาร: +66(0) 2242 5990 อีเมล: [email protected]